La nueva economía y la cooperación intrarregional en un escenario post pandemia. Los desafíos desde la Alianza del Pacífico.
Αποθηκεύτηκε σε:
| Συγγραφή απο Οργανισμό/Αρχή: | |
|---|---|
| Άλλοι συγγραφείς: | |
| Μορφή: | Βιβλίο |
| Γλώσσα: | Αγγλικά |
| Έκδοση: |
Valparaíso, Chile:
Cámara de Diputados y Diputadas de Chile,
2021
|
| Θέματα: | |
| Ετικέτες: |
Προσθήκη ετικέτας
Δεν υπάρχουν, Καταχωρήστε ετικέτα πρώτοι!
|
MARC
| LEADER | 00000nam a22000007a 4500 | ||
|---|---|---|---|
| 003 | CL-VaPUC | ||
| 005 | 20220309113334.0 | ||
| 008 | 211123b2021 ||||| |||| 00| 0 eng d | ||
| 999 | |c 434177 |d 434175 | ||
| 020 | |a 978-956-7699-39-1 | ||
| 040 | |c Pontificia Universidad Católica de Valparaíso | ||
| 082 | 0 | 4 | |2 21 |a 337 SOT 2021 |
| 100 | 1 | |a Soto P., Fernando R. |e editor |9 864799 | |
| 110 | 1 | |a Alianza del Pacífico |9 864800 |e autor | |
| 245 | 1 | 3 | |a La nueva economía y la cooperación intrarregional en un escenario post pandemia. Los desafíos desde la Alianza del Pacífico. |
| 260 | |a Valparaíso, Chile: |b Cámara de Diputados y Diputadas de Chile, |c 2021 | ||
| 300 | |a 154 páginas | ||
| 500 | |a Donación Sr. Raúl Allard Neumann - Memo Nº004 / DER 02/11/2021 | ||
| 583 | |c 20211123 |k Cristina María Rojas Aguilar | ||
| 650 | 1 | |a Recuperación económica |x Comercio interregional |x Derecho internacional |x Pandemias |9 866086 | |
| 942 | |2 ddc |c BK | ||
| 952 | |0 0 |1 0 |2 ddc |4 0 |6 337_000000000000000_SOT_2021 |7 0 |8 A |9 579369 |a BIBDER |b BIBDER |d 2021-11-23 |e Donación |i 5627168 |o 337 SOT 2021 |p 5627168 |r 2023-01-25 |t 1 |w 2021-11-23 |y BK |k DER | ||